La familia : el poder del discurso /

Son varios hitos que han incentivo la apasionada discusión sobre la "familia" en los últimos años en Chile. El preludio fue, sin duda, la creación de la Comisión Nacional de la Familia por parte del Presidente Patricio Aylwin, en julio de 1992. El modelo dominante en Chile corresponde a un discurso...

Full description

Bibliographic Details
Main Author: Delsing, Riet
Format: Analitica de revista
Language:Spanish
Published: Santiago, Chile SUR 1995
Subjects:

MARC

LEADER 00000cab a2200000 a 4500
001 037824
003 UAHC_CL
005 20171204134545.0
008 140120s1995 cl 000 spa
952 |0 0  |1 0  |4 0  |6 PROPOSICIONES_26_95_000000000000000  |7 0  |8 COMP  |9 71840  |a BC  |b BC  |c COMP  |d 2017-08-03  |l 0  |o PROPOSICIONES-26/95  |r 2017-08-03 00:00:00  |t 1  |w 2017-08-03  |y REVA 
999 |c 37824  |d 37824 
040 |a UAHC_CL  |c UAHC_CL  |d UAHC_CL 
100 1 |a Delsing, Riet 
245 1 3 |a La familia :  |b el poder del discurso /  |c Riet Delsing. 
260 |b SUR  |c 1995  |a Santiago, Chile 
300 |a pp. 34-47 
310 |a Anual. 
362 0 |a Año 1, no. 1 (nov. 2002)- . 
500 |a En: Proposiciones. no. 26, 1995. pp. 34-47. ISSN. 956208051X. 
520 |a Son varios hitos que han incentivo la apasionada discusión sobre la "familia" en los últimos años en Chile. El preludio fue, sin duda, la creación de la Comisión Nacional de la Familia por parte del Presidente Patricio Aylwin, en julio de 1992. El modelo dominante en Chile corresponde a un discurso burgués del principio del siglo XIX, anclado firmemente en las estructuras políticas, económicas y religiosa de aquella época. A pesar de los cambios en las relaciones económicas, sociales y políticas en las sociedades modernas, post-coloniales, el modelo nuclear sigue vigente por su funcionalidad a las estructuras económicas que siguen intactas. 
650 4 |a FAMILIA  |z CHILE 
900 |a PROPOSICIONES-26/95 
942 |c REVA  |2 ddc